Knowledge as property: (Record no. 35251)

MARC details
000 -LEADER
fixed length control field 00929nam a22002417a 4500
005 - DATE AND TIME OF LATEST TRANSACTION
control field 20100413115518.0
008 - FIXED-LENGTH DATA ELEMENTS--GENERAL INFORMATION
fixed length control field 100413t xxu||||| |||| 00| 0 eng d
010 ## - LCCN (DPL NO)
LC control number ENG-96029
020 ## - INTERNATIONAL STANDARD BOOK NUMBER
International Standard Book Number 0198065574
Terms of availability 875.00
020 ## - INTERNATIONAL STANDARD BOOK NUMBER
International Standard Book Number 9780198065579
Terms of availability 875.00
035 ## - SYSTEM CONTROL NUMBER
System control number EN-79562
037 ## - SOURCE OF ACQUISITION
Source of stock number/acquisition DBAD/PUB
040 ## - CATALOGING SOURCE
Original cataloging agency DPL
082 ## - DEWEY DECIMAL CLASSIFICATION NUMBER
Classification number 346.048
100 ## - MAIN ENTRY--PERSONAL NAME
Personal name Chandra, Rajshree
245 ## - TITLE STATEMENT
Title Knowledge as property:
Remainder of title issues in the moral grounding of intellectual property rights/
Statement of responsibility, etc by Rajshree Chandra
260 ## - PUBLICATION, DISTRIBUTION, ETC. (IMPRINT)
Place of publication, distribution, etc New Delhi
Name of publisher, distributor, etc Oxford University Press
Date of publication, distribution, etc 2010
270 ## - ADDRESS
Address YMCA library building, Jai Singh Road
City New Delhi
Postal code 110001
300 ## - PHYSICAL DESCRIPTION
Extent xxvi, 374p. ;
Dimensions 23 cm.(Hb)
500 ## - GENERAL NOTE
General note includes index
942 ## - ADDED ENTRY ELEMENTS (KOHA)
Source of classification or shelving scheme Dewey Decimal Classification
Item type English Books
Call number suffix CHA
Classification part 346.048
Holdings
Withdrawn status Lost status Source of classification or shelving scheme Materials specified (bound volume or other part) Damaged status Not for loan Collection code Home library Current library Date acquired Source of acquisition Cost, normal purchase price Total Checkouts Full call number Barcode Date last seen Copy number Cost, replacement price Koha item type
    Dewey Decimal Classification Hb   Not For Loan Non-fiction D.B.Act.Division D.B.Act.Division 13/03/2010 DBAD/PUB 875.00   346.048 CHA EN-79562 13/04/2010 1 875.00 English Books

© Delhi Public Library
Hit Counter
free hit counter